00231nam a2200097Ia 4500008004100000100003100041245002800072260000900100942000700109999001700116190216s9999||||xx |||||||||||||| ||und|| aCheriya Kochunni Thamburan 0aPandavodayam Mahakavyam bNull cBK c24198d24198